000 00696nam a2200253Ia 4500
003 OSt
005 20220925210632.0
006 a|||||r|||| 00| 0
007 ta
008 220923b |||||||| |||| 00| 0 eng d
020 _a1405120827
037 _cGeneral Book
040 _aRTL
_cRTL
_beng
041 _2eng
_aeng
082 _aU672(J:1), L3;P3
100 _aBuol S W & others
245 0 _aSoil genesis and classification
250 _a5th
260 _aIowa
_bIowa State Press
_c2003
300 _axv,494p. Bib p. 399-481
_ccm.
650 _aAgricultural Geography
942 _hU672(J:1), L3;P3
_cGB
_2CC
999 _c555667
_d555667